[Event "Women's Speed Chess Q2"]
[Site "chess.com INT"]
[Date "2020.06.19"]
[Round "12"]
[White "Rakhmangulova, Anastasiya"]
[Black "Ovezdurdiyeva, Jemal"]
[Result "0-1"]
[WhiteTitle "WIM"]
[BlackTitle "WFM"]
[WhiteElo "2191"]
[BlackElo "2061"]
[WhiteFideId "14117479"]
[BlackFideId "14001888"]
[EventDate "2020.06.19"]

1. e4 c5 2. Nf3 d6 3. d4 cxd4 4. Nxd4 Nf6 5. Nc3 a6 6. h4 e5 7. Nb3 Be6 8. Bg5
Be7 9. Be2 Nbd7 10. Bf3 h6 11. Bxf6 Nxf6 12. Qe2 Rc8 13. O-O-O Qc7 14. g4 b5 15.
g5 Nd7 16. Nd5 Bxd5 17. Rxd5 hxg5 18. hxg5 Bxg5+ 19. Kb1 Rxh1+ 20. Bxh1 Nb6 21.
Rd1 Qc4 22. Qxc4 Nxc4 23. Bf3 Ke7 24. Rh1 a5 25. Bg4 Rc7 26. f3 a4 27. Nc1 Ne3
28. c3 Nxg4 29. fxg4 Rc4 30. Re1 Bxc1 31. Kxc1 Kf6 32. Kd2 Kg5 33. Kd3 g6 34.
Rg1 f6 35. Ke3 Rc5 36. Kf3 d5 37. Ke3 dxe4 38. Kxe4 Rc4+ 39. Kd5 Rxg4 40. Re1
Rc4 41. Ke6 Rg4 42. Rf1 f5 43. Kxe5 Rg2 44. b3 Rxa2 45. Rg1+ Kh5 46. bxa4 Rxa4
47. Kf6 Rg4 48. Rh1+ Rh4 49. Rg1 Rc4 50. Rg5+ Kh4 51. Rxg6 f4 52. Ke5 f3 53. Rf6
Rxc3 54. Ke4 Kg3 55. Rg6+ Kf2 56. Kd4 b4 57. Rb6 Rb3 58. Kc4 Rb2 59. Kd3 Kf1 60.
Rf6 f2 61. Ke3 Re2+ 62. Kd3 b3 63. Rh6 Ke1 64. Rh1+ f1=Q 65. Rxf1+ Kxf1 66. Kc3
b2 0-1

[Event "Women's Speed Chess Q2"]
[Site "chess.com INT"]
[Date "2020.06.19"]
[Round "12"]
[White "Golubenko, Valentina"]
[Black "Antova, Gabriela"]
[Result "0-1"]
[WhiteTitle "WGM"]
[BlackTitle "FM"]
[WhiteElo "2209"]
[BlackElo "2255"]
[WhiteFideId "4501993"]
[BlackFideId "2915235"]
[EventDate "2020.06.19"]

1. d4 d5 2. g3 Nf6 3. Bg2 e6 4. c4 Be7 5. Nc3 O-O 6. e4 dxe4 7. Nxe4 Nxe4 8.
Bxe4 Nd7 9. Ne2 Nf6 10. Bc2 b6 11. O-O Bb7 12. Qd3 c5 13. Bg5 Be4 14. Qd2 Bxc2
15. Qxc2 cxd4 16. Rad1 e5 17. f4 Qc7 18. fxe5 Qxe5 19. Bf4 Qh5 20. Nxd4 Bc5 21.
Kg2 Rfe8 22. Nf3 h6 23. Rfe1 Ng4 24. Rd5 Qg6 25. Qxg6 fxg6 26. Ne5 g5 27. Bd2
Nxe5 28. Rdxe5 Rxe5 29. Rxe5 Bd4 30. Re7 Bxb2 31. Be3 Bf6 32. Rb7 Re8 33. Kf3
Re7 34. Rb8+ Kf7 35. c5 bxc5 36. Bxc5 Rc7 37. Bf2 a6 38. Rb6 Rc3+ 39. Ke4 Ra3
40. Bd4 Ra4 41. Rd6 Ke7 42. Rd5 Rxd4+ 43. Rxd4 Bxd4 44. Kxd4 Kd6 45. g4 g6 46.
h3 h5 47. Ke4 Ke6 48. Kd4 Kd6 49. Ke4 a5 50. Kd4 Ke6 51. a4 Kd6 52. Ke4 Kc5 53.
Ke5 Kb4 54. Kf6 Kxa4 55. Kxg6 hxg4 56. hxg4 Kb3 57. Kxg5 a4 58. Kh5 a3 59. g5 a2
60. g6 a1=Q 61. Kh6 Qh8+ 62. Kg5 Qg7 63. Kf5 Kc4 64. Kg5 Kd5 65. Kf5 Kd6 66. Kg5
Ke6 67. Kh5 Kf6 68. Kh4 Qxg6 69. Kh3 Kf5 70. Kh2 Kf4 71. Kh1 Kf3 72. Kh2 Qg2# 0-1

[Event "Women's Speed Chess Q2"]
[Site "chess.com INT"]
[Date "2020.06.19"]
[Round "12"]
[White "Xu, Yuanyuan"]
[Black "Munkhzul, Davaakhuu"]
[Result "1/2-1/2"]
[WhiteTitle "WGM"]
[BlackTitle "WFM"]
[WhiteElo "2317"]
[BlackElo "1991"]
[WhiteFideId "8601089"]
[BlackFideId "4902815"]
[EventDate "2020.06.19"]

1. d4 d5 2. c4 e6 3. Nf3 a6 4. Bg5 Nf6 5. Nbd2 Be7 6. Qc2 O-O 7. e4 dxe4 8. Nxe4
Nxe4 9. Bxe7 Qxe7 10. Qxe4 Qb4+ 11. Nd2 Qxb2 12. Rb1 Qxa2 13. Bd3 f5 14. Qe2 Nc6
15. O-O Nxd4 16. Qe3 c5 17. Ra1 Qb2 18. Rfb1 Qc3 19. Rc1 Qb4 20. Rcb1 Qc3 21.
Rc1 Ne2+ 22. Qxe2 Qf6 23. Nf3 Rd8 24. Rd1 b6 25. Qe5 Bb7 26. Kf1 Bxf3 27. Qxf6
Bxg2+ 28. Kxg2 gxf6 29. f4 Rd4 30. Kf3 Rad8 31. Ke3 a5 32. Rab1 e5 33. fxe5 fxe5
34. Rxb6 e4 35. Be2 Rxd1 36. Bxd1 Rxd1 37. Rb5 Rd3+ 38. Ke2 Rh3 39. Rxc5 Rxh2+
40. Ke3 Rh3+ 41. Ke2 a4 42. Rxf5 a3 43. Ra5 Rc3 44. c5 Kg7 45. Kd2 Rc4 46. Rxa3
Rxc5 47. Ke3 Re5 48. Ra4 Kg6 49. Rxe4 Rf5 50. Rf4 Re5+ 51. Kf3 h5 52. Kg3 Kg5
53. Rf3 h4+ 54. Kh3 Re1 55. Ra3 Rh1+ 56. Kg2 Rc1 57. Ra5+ Kg4 58. Ra4+ Kg5 59.
Ra5+ Kf6 60. Ra4 Kg5 61. Ra5+ 1/2-1/2

[Event "Women's Speed Chess Q2"]
[Site "chess.com INT"]
[Date "2020.06.19"]
[Round "12"]
[White "Sihite, Chelsie Monica Ignesias"]
[Black "Dzagnidze, Nana"]
[Result "0-1"]
[WhiteTitle "WIM"]
[BlackTitle "GM"]
[WhiteElo "2252"]
[BlackElo "2524"]
[WhiteFideId "7101198"]
[BlackFideId "13601903"]
[EventDate "2020.06.19"]

1. c4 Nf6 2. Nc3 c5 3. g3 d5 4. cxd5 Nxd5 5. Bg2 Nb6 6. Nf3 g6 7. O-O Bg7 8. a4
Nc6 9. a5 Nd7 10. a6 O-O 11. d3 bxa6 12. d4 Bb7 13. d5 Nb4 14. e4 Nb6 15. Qe2 c4
16. Rd1 Rc8 17. Bg5 Nd3 18. Ne1 h6 19. Be3 Nxe1 20. Qxe1 Qd7 21. Qd2 Kh7 22. f4
Rfd8 23. Qf2 Qc7 24. h4 e6 25. h5 exd5 26. hxg6+ fxg6 27. exd5 Qd7 28. Bxb6 axb6
29. Be4 Qd6 30. Kg2 Re8 31. Qf3 Rf8 32. Rh1 Rce8 33. Rad1 b5 34. Bb1 b4 35. Ne4
Qe7 36. Rde1 Qd8 37. Ng5+ Kg8 38. Rd1 hxg5 39. Bxg6 Rf6 40. Bh7+ Kf8 41. Be4
gxf4 42. gxf4 Qd6 43. Kg3 Rg6+ 44. Bxg6 Qxg6+ 45. Kf2 Qf5 46. Rh5 Qg6 47. Rg5
Qc2+ 48. Kg3 Qh7 49. Qg4 Bf6 50. Rf5 Qh6 51. Rh1 Qg7 52. Rhh5 Re3+ 53. Kf2 Qxg4
54. Rxf6+ Kg7 55. Rg5+ Qxg5 56. fxg5 Rd3 57. Rb6 Bxd5 58. Rxb4 Kg6 59. Rb6+ Kxg5
60. Rxa6 Kf4 61. Rf6+ Ke5 62. Rh6 Rb3 63. Rh4 Rxb2+ 64. Ke3 Kd6 65. Kd4 Rd2+ 66.
Kc3 Rd3+ 67. Kc2 Kc5 68. Rh8 Rg3 69. Rf8 Kd4 70. Rf4+ Be4+ 71. Kc1 c3 72. Rf8
Rg1+ 73. Rf1 Rxf1# 0-1

[Event "Women's Speed Chess Q2"]
[Site "chess.com INT"]
[Date "2020.06.19"]
[Round "12"]
[White "Bartel, Marta"]
[Black "Dordzhieva, Dinara"]
[Result "0-1"]
[WhiteTitle "WGM"]
[BlackTitle "WIM"]
[WhiteElo "2192"]
[BlackElo "2354"]
[WhiteFideId "1123009"]
[BlackFideId "24157570"]
[EventDate "2020.06.19"]

1. d4 Nf6 2. Nf3 d5 3. Bg5 e6 4. e3 c5 5. Be2 Nc6 6. O-O h6 7. Bh4 Be7 8. c3 O-O
9. Nbd2 b6 10. Ne5 Nxe5 11. dxe5 Nd7 12. Bg3 Qc7 13. f4 Bb7 14. Bf3 Rad8 15. Qe2
f5 16. exf6 Nxf6 17. e4 dxe4 18. Nxe4 Nd5 19. f5 Qc6 20. fxe6 Qxe6 21. Bg4 Qg6
22. Bh5 Qe6 23. Bg4 Qc6 24. Rae1 Rxf1+ 25. Rxf1 Nf6 26. Nxf6+ Bxf6 27. Qc4+ Kh8
28. Bf3 Qc8 29. Bxb7 Qxb7 30. h3 Rd2 31. Rf2 Rd1+ 32. Kh2 Qd7 33. Bf4 Qd5 34.
Qxd5 Rxd5 35. Bxh6 Bh4 36. g3 gxh6 37. gxh4 Kg7 38. Kg3 Kg6 39. Kg4 h5+ 40. Kg3
Rd1 41. Re2 Kf6 42. Kf4 Rf1+ 43. Ke4 Ke6 44. c4 Rh1 45. Kf4+ Kf6 46. Kg3 Rg1+
47. Kf3 Rh1 48. Ke4 Rxh3 49. Rf2+ Ke6 50. Rf4 Rh2 51. b3 Rxa2 52. Rf3 Re2+ 53.
Kf4 Kf6 54. Kg3+ Kg6 55. Kf4 Rh2 56. Kg3 Rd2 57. Kf4 Kf6 58. Kg3+ Ke6 59. Kf4
Rg2 60. Re3+ Kf6 61. Rf3 Rg4+ 62. Ke3+ Ke5 63. Rf7 Rxh4 64. Rxa7 Rh3+ 65. Kf2
Rxb3 66. Rh7 Kd4 67. Rxh5 Kxc4 68. Ke2 Kb5 69. Kd2 Rg3 70. Kc2 Kb4 71. Rh4+ c4
72. Rh6 b5 73. Rh5 Rg2+ 74. Kc1 c3 75. Kb1 Rf2 76. Kc1 Rf4 77. Kb1 Kc4 78. Kc1
b4 79. Rh8 Kb3 80. Rh1 Rf2 81. Re1 Ra2 82. Re3 Ra1# 0-1

[Event "Women's Speed Chess Q2"]
[Site "chess.com INT"]
[Date "2020.06.19"]
[Round "12"]
[White "Chen, Yining"]
[Black "Lee, Dariya"]
[Result "1-0"]
[WhiteTitle "WCM"]
[BlackTitle "WCM"]
[WhiteElo "1745"]
[BlackElo "1523"]
[WhiteFideId "8620946"]
[BlackFideId "13801651"]
[EventDate "2020.06.19"]

1. d4 d5 2. c4 e6 3. Nf3 Nf6 4. Nc3 Nbd7 5. cxd5 exd5 6. Bf4 c6 7. e3 Bb4 8. Qb3
Qa5 9. a3 Ne4 10. Qxb4 Qxb4 11. axb4 Nef6 12. Bd3 O-O 13. Kd2 h6 14. Ne5 Nxe5
15. Bxe5 Ng4 16. Bg3 Be6 17. f3 Nf6 18. e4 dxe4 19. fxe4 Rad8 20. Rxa7 b5 21.
Be5 Ng4 22. Ke2 Nxe5 23. dxe5 Bc4 24. Bxc4 bxc4 25. Rd1 Rb8 26. Ra4 Rfe8 27. Rd4
Rxe5 28. Rxc4 c5 29. b5 Kf8 30. Ke3 Ke7 31. Ra7+ Ke6 32. Ra6+ Ke7 33. Nd5+ Kd7
34. b6 f5 35. Ra7+ Kc6 36. b4 fxe4 37. Rxc5+ Kd6 38. Nc3 Rxc5 39. bxc5+ Kxc5 40.
Na4+ Kd5 41. Rxg7 Kc4 42. b7 Kb5 43. Nc3+ Kb6 44. Nxe4 Rxb7 45. Rxb7+ Kxb7 46.
Kf4 Kc8 47. Kf5 Kd8 48. Kg6 Ke8 49. Kxh6 Kf8 50. g4 Kg8 51. g5 Kh8 52. g6 Kg8
53. g7 Kf7 54. Kh7 Ke6 55. g8=Q+ Ke5 56. Qe8+ Kf4 57. Kg6 Kg4 58. Qe6+ Kf4 59.
Qf5+ Ke3 60. Nd2 Kd4 61. Qe4+ Kc5 62. Qc4+ Kd6 63. Kf5 Ke7 64. h4 Kf8 65. h5 Kg7
66. h6+ Kxh6 67. Qg4 Kh7 68. Qg6+ Kh8 69. Qg5 Kh7 70. Kf6 Kh8 71. Qg7# 1-0

[Event "Women's Speed Chess Q2"]
[Site "chess.com INT"]
[Date "2020.06.19"]
[Round "12"]
[White "Bulmaga, Irina"]
[Black "Sargsyan, Anna M."]
[Result "0-1"]
[WhiteTitle "IM"]
[BlackTitle "WGM"]
[WhiteElo "2440"]
[BlackElo "2405"]
[WhiteFideId "13903063"]
[BlackFideId "13308130"]
[EventDate "2020.06.19"]

1. e4 c6 2. d3 d5 3. Nd2 g6 4. Ngf3 Bg7 5. g3 Bg4 6. Bg2 e6 7. O-O Ne7 8. Qe2
O-O 9. h3 Bxf3 10. Nxf3 Nd7 11. c3 a5 12. e5 c5 13. d4 Nc6 14. h4 cxd4 15. cxd4
Qb6 16. Be3 Rac8 17. h5 Nb4 18. h6 Bh8 19. a3 Nc2 20. Rac1 Nxe3 21. fxe3 Rxc1
22. Rxc1 f6 23. exf6 Bxf6 24. Qc2 Nb8 25. b3 Nc6 26. a4 Qc7 27. Kh2 Qd6 28. Qd3
Bd8 29. e4 dxe4 30. Qxe4 Bc7 31. Qg4 Rf5 32. Re1 Rh5+ 33. Kg1 Rf5 34. Re4 Nd8
35. Re5 Nf7 36. Re4 Nxh6 37. Qh4 Nf7 38. g4 Rf4 39. Qe1 Rxe4 40. Qxe4 Qd5 41.
Qe3 Qd6 42. Kf2 Qg3+ 43. Kf1 Qxg4 44. d5 exd5 45. Qe8+ Kg7 46. Qe7 Bd6 47. Qe3
Qf4 48. Qxf4 Bxf4 49. Nd4 g5 50. Bxd5 Ne5 51. Bxb7 Kf6 52. Nf3 h5 53. Kf2 Nd3+
54. Kg2 Nc5 55. Bd5 g4 56. Ng1 h4 57. Ne2 Ke5 58. Bc4 h3+ 59. Kg1 Ne4 60. b4
Be3+ 61. Kh2 axb4 62. a5 Bf2 63. a6 Ng5 64. Ng3 Nf3+ 65. Kh1 Kf4 66. Ne2+ Kg5
67. Nc1 Ba7 68. Nd3 g3 69. Ne1 Nxe1 70. Bf1 g2+ 71. Bxg2 hxg2+ 72. Kh2 g1=N 73.
Kg3 b3 74. Kh2 b2 75. Kh1 b1=Q 76. Kh2 Qc2+ 77. Kh1 Qe4+ 78. Kh2 Qg2# 0-1

[Event "Women's Speed Chess Q2"]
[Site "chess.com INT"]
[Date "2020.06.19"]
[Round "12"]
[White "Kashlinskaya, Alina"]
[Black "Gunina, Valentina"]
[Result "0-1"]
[WhiteTitle "IM"]
[BlackTitle "GM"]
[WhiteElo "2494"]
[BlackElo "2431"]
[WhiteFideId "4198026"]
[BlackFideId "4167570"]
[EventDate "2020.06.19"]

1. d4 Nf6 2. c4 e6 3. Nf3 d5 4. Nc3 c5 5. cxd5 Nxd5 6. e4 Nxc3 7. bxc3 cxd4 8.
cxd4 Bb4+ 9. Bd2 Bxd2+ 10. Qxd2 O-O 11. Bc4 Nc6 12. O-O b6 13. Rad1 Na5 14. Bd3
Bb7 15. Rfe1 h6 16. h4 Rc8 17. Qf4 Nc4 18. Bb1 Qf6 19. Qg3 Rfd8 20. d5 e5 21.
Rc1 b5 22. Nh2 h5 23. Nf3 Qe7 24. Ng5 Rc5 25. Bd3 Bc8 26. Bxc4 bxc4 27. Rc3 Bg4
28. Rec1 Rdc8 29. Qe3 Qd6 30. g3 f6 31. Nf3 Qa6 32. a3 Rb5 33. Nd2 Rbc5 34. Kg2
Bd7 35. Qe2 Bg4 36. Qe3 R5c7 37. Nf3 Qd6 38. Nh2 Bd7 39. Qe2 g6 40. Nf1 Qa6 41.
Ne3 Bb5 42. Qf3 Qd6 43. Qd1 Ba6 44. g4 hxg4 45. Qxg4 Rg7 46. Nxc4 Rxc4 47. Rxc4
Bxc4 48. Rxc4 f5 49. Rc8+ Kh7 50. Qg5 fxe4 51. Rd8 Qxa3 52. Qxe5 Qf3+ 53. Kg1
Qg4+ 54. Kf1 Qh3+ 55. Ke1 Qh1+ 56. Kd2 Qf3 57. Qe8 Qxf2+ 58. Kd1 Qf1+ 59. Kd2
Qd3+ 60. Ke1 Qg3+ 61. Kd1 Qd3+ 62. Ke1 Qc3+ 63. Ke2 Rb7 64. Qg8+ Kh6 65. Qf8+
Kh5 66. Qh8+ Qxh8 67. Rxh8+ Kg4 68. Ke3 Re7 69. d6 Rd7 70. Kxe4 Rxd6 71. Ra8 a6
72. Rh8 Rf6 73. Ke3 a5 74. Rh7 Ra6 75. Rg7 a4 76. Rd7 a3 77. Rd1 a2 78. Rg1+
Kxh4 79. Kf4 a1=Q 80. Rxa1 Rxa1 81. Ke5 Kg5 0-1

[Event "Women's Speed Chess Q2"]
[Site "chess.com INT"]
[Date "2020.06.19"]
[Round "12"]
[White "Dauletova, Gulmira"]
[Black "Vifleemskaia, Svetlana"]
[Result "1-0"]
[WhiteTitle "WIM"]
[BlackTitle "WFM"]
[WhiteElo "2319"]
[BlackElo "1943"]
[WhiteFideId "13702971"]
[BlackFideId "4129490"]
[EventDate "2020.06.19"]

1. e4 e5 2. Nf3 Nc6 3. Bb5 a6 4. Ba4 Nf6 5. O-O Be7 6. Re1 d6 7. c3 O-O 8. h3
Bd7 9. d4 b5 10. Bb3 Na5 11. Bc2 exd4 12. cxd4 c5 13. d5 Nc4 14. b3 Nb6 15. Bb2
Rc8 16. Nbd2 c4 17. Bd4 c3 18. Nf1 b4 19. a3 a5 20. axb4 axb4 21. Ra6 Rb8 22.
Ne3 Bb5 23. Ra5 Bd7 24. e5 dxe5 25. Nxe5 Bd6 26. N5g4 Nxg4 27. Nxg4 Re8 28.
Rxe8+ Qxe8 29. Ra6 Qd8 30. Qd3 f5 31. Ne3 g6 32. Ra7 Nc8 33. Ra1 Qe7 34. Qd1 Bc5
35. Bxc5 Qxc5 36. Qf3 Qd6 37. Rd1 Ne7 38. Nc4 Qc5 39. d6 Nc6 40. Qf4 Re8 41. Qh6
Ne5 42. Ne3 Nf7 43. Qf4 Qe5 44. Qxb4 f4 45. Nc4 Qe2 46. Qxc3 f3 47. Qd2 fxg2 48.
Qxe2 Rxe2 49. Bd3 Re6 50. Bc2 Re2 51. Bd3 Re6 52. Bb1 Re2 53. Nb6 Bxh3 54. d7
Bxd7 55. Nxd7 Kg7 56. Nc5 Rb2 57. Kxg2 Ne5 58. Be4 Ng4 59. Rf1 Nf6 60. Kf3 h5
61. Bd3 g5 62. Rg1 g4+ 63. Ke3 Nd5+ 64. Kd4 Nf4 65. f3 Kf6 66. fxg4 hxg4 67.
Rxg4 Nxd3 68. Kxd3 Ke5 69. Kc4 Kd6 70. Rg6+ Kc7 71. b4 Rc2+ 72. Kb5 Rf2 73. Rg7+
Kc8 74. Kc6 Rf6+ 75. Kd5 Rf5+ 76. Ke6 Rf4 77. Rg8+ Kc7 78. Rg7+ Kc6 79. Rg5 1-0

[Event "Women's Speed Chess Q2"]
[Site "chess.com INT"]
[Date "2020.06.19"]
[Round "12"]
[White "Sakorenko, Adriana"]
[Black "Goltseva, Ekaterina"]
[Result "1/2-1/2"]
[WhiteTitle "WFM"]
[BlackTitle "FM"]
[WhiteElo "2216"]
[BlackElo "2306"]
[WhiteFideId "34130249"]
[BlackFideId "24173770"]
[EventDate "2020.06.19"]

1. Nf3 d5 2. e3 Nf6 3. Be2 c5 4. O-O Nc6 5. b3 d4 6. Bb2 e5 7. exd4 exd4 8. Re1
Be7 9. Bb5 O-O 10. Bxc6 bxc6 11. Ne5 Bb7 12. Na3 Nd5 13. Nac4 f6 14. Nd3 Qd7 15.
Qe2 Bc8 16. Ba3 Ba6 17. Bxc5 Rae8 18. Qe6+ Qxe6 19. Rxe6 Bxc5 20. Nxc5 Bxc4 21.
bxc4 Nb4 22. c3 dxc3 23. dxc3 Nc2 24. Rd1 Rd8 25. Rxd8 Rxd8 26. h3 Rd1+ 27. Kh2
Na3 28. Rxc6 Nxc4 29. Ne6 Ne5 30. Rc7 Nd7 31. Rxa7 Rd6 32. Nf4 g5 33. Ne2 Kf7
34. Nd4 Ke8 35. a4 h5 36. a5 Nc5 37. Rc7 Na6 38. Rh7 Rd5 39. Rh8+ Kf7 40. Rxh5
Rxa5 41. Rh7+ Kg6 42. Ra7 Ra3 43. Nb5 Ra2 44. Nc7 Nb4 45. Rxa2 Nxa2 46. c4 Kf7
47. Kg3 Nb4 48. Kg4 Nd3 49. Kf5 Nxf2 50. Nd5 Nd3 51. Nxf6 Ne1 52. g3 Ng2 53. Ne4
Ne3+ 54. Kxg5 Nxc4 55. h4 Ne5 56. g4 Nf3+ 57. Kh5 Kg7 58. g5 Ne5 59. Nf6 Kf7 60.
Ng4 Ng6 61. Nh6+ Kg7 62. Kg4 Ne5+ 63. Kf5 Nf3 64. h5 Nd4+ 65. Ke4 Ne6 66. Nf5+
Kf7 67. g6+ Kf6 68. Ng3 Ng7 69. Kf4 Nxh5+ 70. Nxh5+ Kxg6 1/2-1/2

[Event "Women's Speed Chess Q2"]
[Site "chess.com INT"]
[Date "2020.06.19"]
[Round "12"]
[White "Pham, Le Thao Nguyen"]
[Black "Ambartsumova, Karina"]
[Result "1/2-1/2"]
[WhiteTitle "IM"]
[BlackTitle "IM"]
[WhiteElo "2366"]
[BlackElo "2371"]
[WhiteFideId "12401226"]
[BlackFideId "4166299"]
[EventDate "2020.06.19"]

1. d4 Nf6 2. Nf3 e6 3. Bf4 d5 4. e3 Bd6 5. Bg3 O-O 6. Nbd2 c5 7. c3 Qc7 8. Ne5
Nbd7 9. f4 b6 10. Bd3 a5 11. Bh4 Ba6 12. Bc2 b5 13. O-O b4 14. Rf3 g6 15. Rh3
bxc3 16. bxc3 cxd4 17. cxd4 Rab8 18. Ba4 Bb5 19. Bxb5 Rxb5 20. Rc1 Qb7 21. Bxf6
Nxf6 22. Ndf3 Ba3 23. Ra1 Rb8 24. Ng5 Rb1 25. Rxb1 Qxb1 26. Qxb1 Rxb1+ 27. Kf2
Rb7 28. Kf3 Bf8 29. g4 h6 30. Ngxf7 Rxf7 31. Nxf7 Kxf7 32. Rg3 Ne4 33. Rg2 a4
34. Rc2 Bd6 35. h4 a3 36. Rc6 Ke7 37. Ra6 Nc3 38. Ra7+ Kf8 39. h5 gxh5 40. gxh5
Nxa2 41. Ke2 Nc3+ 42. Kd3 Ne4 43. Kc2 Be7 44. Kb3 Kf7 45. Ra8 Kg7 46. Ra7 Kf6
47. Ra8 Bd6 48. Rg8 Kf7 49. Rg6 Bf8 50. Ka2 Nc3+ 51. Kb3 Ne4 52. Ka2 Nd2 53. Rg2
Nc4 54. Rg3 Nd6 55. Kb3 Nf5 56. Rh3 Kf6 57. Ka2 Ng7 58. Kb3 Ne8 59. Rg3 Kf5 60.
Rg6 Nf6 61. Ka2 Ne4 62. Rg8 Bd6 63. Rh8 Kg4 64. Rxh6 Nc3+ 65. Kb3 a2 66. Kb2
Ba3+ 67. Ka1 Kf5 68. Rg6 Bf8 69. Rg2 Kf6 70. Rg6+ Kf5 71. Rg2 Kf6 72. Rc2 Nd1
73. Kxa2 Nxe3 74. Rh2 Nf5 75. Rg2 Bh6 76. Rg6+ Kf7 77. Kb2 Bxf4 78. Kc3 Bh6 79.
Kd3 Bg7 80. Rg4 Nxd4 81. h6 Bh8 82. Rf4+ Nf5 83. Rf3 Kg6 84. Rh3 Nxh6 85. Rh1
Bf6 86. Rg1+ Kf7 87. Rf1 Nf5 88. Kd2 Ke7 89. Kd3 Kd6 90. Rb1 Be7 91. Rb6+ Ke5
92. Rb5 Bc5 93. Rxc5 Kd6 94. Ra5 Ne7 95. Ra6+ Ke5 96. Ra2 Nf5 97. Re2+ Kd6 98.
Ra2 Ne7 99. Ra6+ Ke5 100. Ra2 Nf5 101. Re2+ Kd6 102. Ra2 Ke5 1/2-1/2

[Event "Women's Speed Chess Q2"]
[Site "chess.com INT"]
[Date "2020.06.19"]
[Round "13"]
[White "Vaishali, R"]
[Black "Ambartsumova, Karina"]
[Result "1/2-1/2"]
[WhiteTitle "WGM"]
[BlackTitle "IM"]
[WhiteElo "2393"]
[BlackElo "2371"]
[WhiteFideId "5091756"]
[BlackFideId "4166299"]
[EventDate "2020.06.19"]

1. e4 c5 2. Nc3 Nc6 3. Nge2 e6 4. d4 cxd4 5. Nxd4 Qc7 6. Be2 Nf6 7. O-O Be7 8.
Be3 a6 9. a4 d6 10. f4 O-O 11. Kh1 Nxd4 12. Qxd4 e5 13. Qd3 exf4 14. Bxf4 Be6
15. Rad1 Rad8 16. Qg3 Kh8 1/2-1/2

[Event "Women's Speed Chess Q2"]
[Site "chess.com INT"]
[Date "2020.06.19"]
[Round "13"]
[White "Sihite, Chelsie Monica Ignesias"]
[Black "Foisor, Sabina-Francesca"]
[Result "1/2-1/2"]
[WhiteTitle "WIM"]
[BlackTitle "WGM"]
[WhiteElo "2252"]
[BlackElo "2228"]
[WhiteFideId "7101198"]
[BlackFideId "1212915"]
[EventDate "2020.06.19"]

1. c4 c6 2. Nc3 d5 3. g3 Nf6 4. cxd5 cxd5 5. Bg2 g6 6. Nf3 Bg7 7. O-O O-O 8. d4
Nc6 9. Bg5 h6 10. Bxf6 Bxf6 11. e3 a6 12. Rc1 Qd6 13. Ne5 Nxe5 14. dxe5 Qxe5 15.
Qxd5 Be6 16. Qxe5 Bxe5 17. Nd5 Bxd5 18. Bxd5 Rab8 19. b3 b5 20. Rfd1 a5 21. Bf3
Rfd8 22. Rxd8+ Rxd8 23. Rd1 1/2-1/2

[Event "Women's Speed Chess Q2"]
[Site "chess.com INT"]
[Date "2020.06.19"]
[Round "13"]
[White "Castillo Pena, Patricia Evarista"]
[Black "Chen, Yining"]
[Result "0-1"]
[WhiteTitle "WCM"]
[BlackTitle "WCM"]
[WhiteElo "1770"]
[BlackElo "1745"]
[WhiteFideId "6412106"]
[BlackFideId "8620946"]
[EventDate "2020.06.19"]

1. d4 Nf6 2. Nf3 d5 3. e3 e6 4. Bd3 c5 5. b3 Nc6 6. Bb2 b6 7. O-O Bb7 8. Nbd2
Be7 9. Ne5 Nxe5 10. dxe5 Nd7 11. f4 O-O 12. Qe2 f5 13. exf6 Bxf6 14. Bxf6 Qxf6
15. Nf3 e5 16. fxe5 Nxe5 17. Nxe5 Qxe5 18. Rae1 Rae8 19. Rxf8+ Rxf8 20. Qg4 Bc8
21. Qh4 Bf5 22. e4 dxe4 23. Bxe4 Qd4+ 24. Kh1 Bxe4 0-1

[Event "Women's Speed Chess Q2"]
[Site "chess.com INT"]
[Date "2020.06.19"]
[Round "13"]
[White "Li, Xueyi"]
[Black "Matveeva, Olga"]
[Result "0-1"]
[WhiteTitle "WGM"]
[BlackTitle "WIM"]
[WhiteElo "2328"]
[BlackElo "2171"]
[WhiteFideId "8605912"]
[BlackFideId "24107018"]
[EventDate "2020.06.19"]

1. d4 Nf6 2. c4 e6 3. g3 d5 4. Bg2 Be7 5. Nf3 O-O 6. O-O c6 7. Nc3 Nbd7 8. Nd2
b6 9. e4 dxe4 10. Ndxe4 Bb7 11. Qc2 Qc8 12. Rd1 c5 13. d5 exd5 14. cxd5 Re8 15.
d6 Bf8 16. Nxf6+ Nxf6 17. Bg5 Bxg2 18. Kxg2 Qc6+ 19. f3 Bxd6 20. Bxf6 gxf6 21.
Qf5 Be5 22. Re1 Rad8 23. Re4 Rd2+ 24. Ne2 Bxb2 0-1

[Event "Women's Speed Chess Q2"]
[Site "chess.com INT"]
[Date "2020.06.19"]
[Round "13"]
[White "Danielian, Elina"]
[Black "Eswaran, Ashritha"]
[Result "1-0"]
[WhiteTitle "GM"]
[BlackTitle "WIM"]
[WhiteElo "2407"]
[BlackElo "2244"]
[WhiteFideId "13300210"]
[BlackFideId "2080788"]
[EventDate "2020.06.19"]

1. d4 Nf6 2. Bg5 d5 3. Bxf6 gxf6 4. e3 c5 5. c4 e6 6. cxd5 Qxd5 7. Nc3 Qd8 8.
Nf3 Nc6 9. d5 Ne5 10. Nxe5 fxe5 11. Bb5+ Bd7 12. dxe6 Bxb5 13. exf7+ Kxf7 14.
Qh5+ Kg7 15. Qxe5+ Qf6 16. Qxf6+ Kxf6 17. Nxb5 a6 18. Nc3 Rg8 19. g3 b5 20. Ke2
Re8 21. a4 b4 22. Nd5+ Kf7 23. b3 Re5 24. Rhd1 Bg7 25. Rac1 Rc8 26. Nb6 Rc6 27.
Nc4 Ree6 28. Rd7+ Kg6 29. Rcd1 Bc3 30. g4 Rf6 31. f4 Rf8 32. Kf3 Re8 33. h4 h6
34. h5+ Kf6 35. R1d6+ Rxd6 36. Rxd6+ Kg7 37. Rg6+ Kh7 38. Rxa6 Rd8 39. g5 hxg5
40. fxg5 Rf8+ 41. Kg4 Rf1 42. Ra7+ Kg8 43. h6 Rg1+ 44. Kf5 Rf1+ 45. Kg6 Kf8 46.
Rc7 Rf2 47. Rxc5 1-0

[Event "Women's Speed Chess Q2"]
[Site "chess.com INT"]
[Date "2020.06.19"]
[Round "13"]
[White "Yip, Carissa"]
[Black "Mamedjarova, Zeinab"]
[Result "1-0"]
[WhiteTitle "IM"]
[BlackTitle "WGM"]
[WhiteElo "2420"]
[BlackElo "2274"]
[WhiteFideId "2090732"]
[BlackFideId "13401521"]
[EventDate "2020.06.19"]

1. e4 e5 2. Nc3 Nf6 3. f4 d5 4. fxe5 Nxe4 5. Qf3 Nxc3 6. bxc3 c5 7. Bb5+ Nc6 8.
Qg3 Bf5 9. d3 Qa5 10. Bxc6+ bxc6 11. Bd2 c4 12. Nf3 Qb6 13. Nd4 Bg6 14. O-O c5
15. Rab1 Qc7 16. Nb5 Qd7 17. e6 fxe6 18. Nc7+ 1-0

[Event "Women's Speed Chess Q2"]
[Site "chess.com INT"]
[Date "2020.06.19"]
[Round "13"]
[White "Tokhirjonova, Gulrukhbegim"]
[Black "Goryachkina, Aleksandra"]
[Result "0-1"]
[WhiteTitle "WGM"]
[BlackTitle "GM"]
[WhiteElo "2378"]
[BlackElo "2582"]
[WhiteFideId "14203626"]
[BlackFideId "4147103"]
[EventDate "2020.06.19"]

1. e4 e6 2. d4 d5 3. Nd2 c5 4. Ngf3 cxd4 5. Nxd4 Nc6 6. Bb5 Bd7 7. Nxc6 bxc6 8.
Bd3 Bd6 9. Qe2 e5 10. exd5 cxd5 11. c4 Ne7 12. O-O e4 13. Bc2 O-O 14. cxd5 f5
15. Nc4 Bb5 16. a4 Bxc4 17. Qxc4 Rc8 18. Qe2 Qc7 19. Bb3 Bxh2+ 20. Kh1 Bd6 21.
Bf4 Ng6 22. Bxd6 Qxd6 23. Rac1 Ne5 24. Rc3 Rxc3 25. bxc3 Qh6+ 26. Kg1 Ng4 0-1

[Event "Women's Speed Chess Q2"]
[Site "chess.com INT"]
[Date "2020.06.19"]
[Round "13"]
[White "Tsotsonava, Elene"]
[Black "Mikheeva, Galina"]
[Result "0-1"]
[WhiteTitle "WFM"]
[BlackTitle "WFM"]
[WhiteElo "2012"]
[BlackElo "1901"]
[WhiteFideId "13615939"]
[BlackFideId "44108320"]
[EventDate "2020.06.19"]

1. e4 e5 2. Nf3 Nc6 3. Bb5 Nd4 4. Nxd4 exd4 5. O-O Bc5 6. c3 c6 7. Bc4 d6 8. d3
Qf6 9. Nd2 Ne7 10. Nb3 dxc3 11. bxc3 Qxc3 12. Nxc5 Qxa1 13. Nb3 Qf6 14. Qc2 b5
15. Bb2 Qg6 16. Bxb5 cxb5 17. Qc7 Bh3 18. g3 Bxf1 0-1